| 000 | 00504nam a2200181Ia 4500 | ||
|---|---|---|---|
| 001 | 7826 | ||
| 005 | 20260306160524.0 | ||
| 008 | 260306t2012||||xx |||||||||||||| ||spa|| | ||
| 041 | _aESP | ||
| 082 |
_a362.5 _bC265 |
||
| 100 |
_aConsorcio de Investigación Económica y Social _eAUT |
||
| 245 | 0 |
_aPromoviendo el derecho a la salud de los más pobres: _bcinco estudios de interés |
|
| 260 | _c2012 | ||
| 300 |
_a131 páginas : _c29 cm. |
||
| 650 | _aGEN | ||
| 654 | _aCAN | ||
| 942 |
_cLIB _dJUS _fJUS _2ddc _n |
||
| 999 |
_c7826 _d7826 |
||